Missing Word: 'E' Song Endings Quiz Stats

Quiz Updated Jul 22, 2015

Challenge
Share
Tweet
Embed
Score 0/18 Timer 04:00
4 Plays Today
Song Missing Word % Correct
Ain't No Mountain High _____Enough
99.2%
Clint _____Eastwood
89.4%
Running On _____Empty
86.6%
Lyin' _____Eyes
73.9%
I'm So _____Excited
65.2%
It's So _____Easy
65.1%
Last Night On _____Earth
57.6%
Know Your _____Enemy
48.2%
My Happy _____Ending
39.3%
Song Missing Word % Correct
I Can't _____Explain
27.4%
That's _____Entertainment
26.8%
I Go To _____Extremes
26.2%
Adult _____Education
24.9%
Lost In _____Emotion
21.6%
I'm _____Eighteen
17.4%
Crush With _____Eyeliner
11.1%
Calling _____Elvis
11%
3 A.M. _____Eternal
10.8%

Today's Daily Dose

You're not logged in!

Compare scores with friends on all Sporcle quizzes.
Sign Up with Email
OR
Log In

You Might Also Like...

Show Comments

Extras

Top Quizzes Today


Score Distribution

Your Account Isn't Verified!

In order to create a playlist on Sporcle, you need to verify the email address you used during registration. Go to your Sporcle Settings to finish the process.